BSOP header

True religion delineated and distinguished from all counterfeits / (Record no. 42875)

MARC details
000 -LEADER
fixed length control field 00976cam a2200265Ia 4500
001 - CONTROL NUMBER
control field 36842956
003 - CONTROL NUMBER IDENTIFIER
control field OCoLC
005 - DATE AND TIME OF LATEST TRANSACTION
control field 20180828063318.0
008 - FIXED-LENGTH DATA ELEMENTS--GENERAL INFORMATION
fixed length control field 970502t19971997iaum a 0 0 eng d
020 ## - INTERNATIONAL STANDARD BOOK NUMBER
International Standard Book Number 0964180367
100 1# - MAIN ENTRY--PERSONAL NAME
Personal name Bellamy, Joseph,
Dates associated with a name 1719-1790.
245 10 - TITLE STATEMENT
Title True religion delineated and distinguished from all counterfeits /
Statement of responsibility, etc by Joseph Bellamy ; with a preface by Jonathan Edwards and a biographical sketch by John F. Thornbury.
260 ## - PUBLICATION, DISTRIBUTION, ETC. (IMPRINT)
Place of publication, distribution, etc Ames, Iowa
Name of publisher, distributor, etc International Outreach, Inc.
Date of publication, distribution, etc 1997
300 ## - PHYSICAL DESCRIPTION
Extent 361 pages ;
Dimensions 23 cm.
336 ## - CONTENT TYPE
Content Type Term text
337 ## - MEDIA TYPE
Media Type Term unmediated
338 ## - CARRIER TYPE
Carrier Type Term volume
500 ## - GENERAL NOTE
General note "First published in 1750. This reprint is taken from the Congregational Board of Publication's 1800 edition."
600 10 - SUBJECT ADDED ENTRY--PERSONAL NAME
Personal name Bellamy, Joseph,
Dates associated with a name 1719-1790.
650 #0 - SUBJECT ADDED ENTRY--TOPICAL TERM
Topical term or geographic name as entry element Congregational churches
General subdivision Doctrines.
650 #0 - SUBJECT ADDED ENTRY--TOPICAL TERM
Topical term or geographic name as entry element Christian life
General subdivision Congregational authors.
650 #0 - SUBJECT ADDED ENTRY--TOPICAL TERM
Topical term or geographic name as entry element Law and gospel.
700 1# - ADDED ENTRY--PERSONAL NAME
Personal name Thornbury, John F.
942 ## - ADDED ENTRY ELEMENTS (KOHA)
Source of classification or shelving scheme Library of Congress Classification
Item type Books
Holdings
Withdrawn status Lost status Source of classification or shelving scheme Damaged status Not for loan Home library Current library Shelving location Date acquired Source of acquisition Inventory number Total Checkouts Full call number Barcode Date last seen Price effective from Koha item type
    Library of Congress Classification     BSOP Library BSOP Library GC 08/28/2018 Donation by Drs. George and Anne Harper 42329   BX7230 B41 1997 00053329 08/28/2018 08/28/2018 Books
BSOP

Biblical Seminary of the Philippines
  All rights Reserved
  © 2024

CONTACT INFORMATION

Biblical Seminary of the Philippines,
  77-B Karuhatan Road, Valenzuela City,
  PHILIPPINES 1441
  Phone: +632 8292-6795 / 8292-6798
  Fax : +632 8292-6675
  Email: library@bsop.edu.ph